000 00738nam a2200253Ia 4500
003 OSt
005 20220928115247.0
006 a|||||r|||| 00| 0
007 ta
008 220927b |||||||| |||| 00| 0 eng d
020 _c2234.0500000000002
024 _a126407
037 _b95, 07/01/2015, Better Book Service
_cTextual
040 _aSDCL
_cSDCL
_beng
041 _2eng
_aeng
082 _a0,1K08,PL:g, Q4
100 _aQuint David
_9443553
245 0 _aInside paradise lost
260 _aPrinceton
_bPrinceton University Pres
_c2014
300 _ax;329p
_ccm.
650 _aEnglish
942 _h0,1K08,PL:g, Q4
_cTEXL
_2CC
999 _c758691
_d758691